25 Years of Television Beginnings VI Quiz Stats

Quiz Updated Nov 8, 2017

Challenge
Share
Tweet
Score 0/25 Timer 08:00
3 Plays Today
% Correct
Game of Thrones
91.4%
The Apprentice
89.8%
The Office (US)
89.3%
The Powerpuff Girls
78.6%
The Mindy Project
73.1%
Law & Order: Special Victims Unit
72.8%
George Lopez
69.1%
Jimmy Kimmel Live!
68.4%
Nurse Jackie
67.2%
Bates Motel
67%
Daria
65.7%
The Good Doctor
62.2%
The Amazing Race
58.9%
% Correct
7th Heaven
53.3%
Party of Five
52.4%
The Good Place
50.4%
Madam Secretary
50%
The Tudors
46.2%
Big Brother
45.7%
MasterChef
39.6%
Big Love
39.2%
Diagnosis: Murder
36.6%
90210
34.8%
Crazy Ex-Girlfriend
23.3%
Mr. Show with Bob and David
18.9%

You're not logged in!

Compare scores with friends on all Sporcle quizzes.
Sign Up with Email
OR
Log In

You Might Also Like...

Show Comments

Extras

Top Quizzes Today


Score Distribution

Your Account Isn't Verified!

In order to create a playlist on Sporcle, you need to verify the email address you used during registration. Go to your Sporcle Settings to finish the process.